000 00572cam a22002053a 4500
001 34277
003 PGUSA
005 20140828083735.0
008 101111s2010||||xxu|||||s|||||000 | eng d
040 _aPGUSA
_beng
042 _adc
100 1 _aTracy, Louis,
_d1863-1928
245 1 2 _aA Mysterious Disappearance
_h[electronic resource] /
_cLouis Tracy
260 _bProject Gutenberg,
_c2010
506 _aPublic domain in the USA.
516 _aElectronic text
830 0 _aProject Gutenberg
_v34277
856 4 0 _uhttp://www.gutenberg.org/ebooks/34277
942 _cEB
999 _c263532
_d263532